[Event "Moscow-ch"]
[Site "Moscow"]
[Date "1996.??.??"]
[Round "9"]
[White "Chestnov, Vitaliy A"]
[Black "Miroshnichenko, Nikolay"]
[Result "1-0"]
[WhiteElo "2190"]
[BlackElo "2125"]

1.d4 Nf6 2.c4 g6 3.Nc3 Bg7 4.e4 O-O 5.Nf3 d6 6.Be2 e5 7.O-O exd4 8.Nxd4 Nc6
9.Be3 Re8 10.f3 Bd7 11.Qd2 a6 12.Nxc6 bxc6 13.Rfd1 c5 14.Rab1 Rb8 15.a3 Rb3
16.Rdc1 Be6 17.Bd1 Rb8 18.Nd5 c6 19.Nf4 a5 20.Ba4 Qc7 21.Nxe6 Rxe6 22.b4 axb4
23.axb4 cxb4 24.Rxb4 c5 25.Rxb8+ Qxb8 26.Qc2 Ne8 27.Bc6 Re7 28.Rb1 Qa8 29.Qa4 h5
30.Rb6 Qd8 31.Qb5 Ra7 32.Ra6 Nc7 33.Rxa7 Nxb5 34.Ra8 Qxa8 35.Bxa8 Na3 36.Bd5 Kf8
37.Bg5 Bd4+ 38.Kf1 f6 39.Bd2 Ke7 40.Ke2 Nb1 41.Bc1 Nc3+ 42.Kd3 g5 43.Bd2 Nd1
44.Ke2 Nb2 45.h4 gxh4 46.Be1 h3 47.gxh3 Na4 48.Ba5 f5 49.Kd2 f4 50.Kc2 Be5
51.Bc6 Nb2 52.Bb5 Bd4 53.Bd2 Be3 54.Bc3 Nxc4 55.Bxc4 Bf2 56.Kb3 Bh4  1-0

[Event "Moscow-ch"]
[Site "Moscow"]
[Date "1996.??.??"]
[Round "9"]
[White "Kiselev, Sergey"]
[Black "Hait, Alexander"]
[Result "1/2-1/2"]
[WhiteElo "2545"]
[BlackElo "2360"]

1.d4 Nf6 2.c4 g6 3.Nc3 Bg7 4.e4 d6 5.Nf3 O-O 6.Be2 e5 7.Be3 c6 8.d5 Na6 9.Nd2 Ne8
10.dxc6 bxc6 11.O-O c5 12.a3 Nec7 13.Rb1 Ne6 14.Nd5 Nb8 15.b4 Nc6 16.Nb3 Ncd4
17.Nxd4 Nxd4 18.Bd3 Bd7 19.Qd2 Ne6 20.f3 f5 21.Rfd1 f4 22.Bf2 g5 23.Be2 Nd4
24.Bxd4 exd4 25.bxc5 dxc5 26.Rb7 Be5 27.Rdb1 Rf7 28.R1b3 Bc6 29.Rxf7 Kxf7
30.Bd1 Rb8 31.h3 Rxb3 32.Bxb3  1/2-1/2

[Event "Moscow-ch"]
[Site "Moscow"]
[Date "1996.??.??"]
[Round "10"]
[White "Ulko, Jaroslav"]
[Black "Gelman, Alexander"]
[Result "0-1"]
[WhiteElo "2325"]
[BlackElo "2400"]

1.d4 d6 2.Nf3 Nf6 3.c4 g6 4.Nc3 Bg7 5.e4 O-O 6.Be2 Qe8 7.O-O e5 8.dxe5 dxe5
9.Be3 Na6 10.Nd2 Nd7 11.a3 f5 12.f3 Nac5 13.b4 Ne6 14.Nb3 Nf6 15.Rc1 h5 16.exf5 gxf5
17.Qd2 c6 18.Bh6 Rf7 19.Bd3 Bxh6 20.Qxh6 Nf4 21.Rcd1 Qe7 22.Rd2 Ne8 23.Re1 Rh7
24.Qxf4 exf4 25.Rxe7 Rxe7 26.Ne2 Ng7 27.Nxf4 Be6 28.Re2 Kf7 29.Kf2 Rd8 30.h4 Kf6
31.Re3 Bf7 32.Rxe7 Kxe7 33.Ke3 Kf6 34.Nd4 a5 35.bxa5 Ra8 36.Nb3 Ke5 37.Ne2 Kd6
38.c5+ Ke5 39.f4+ Kf6 40.Ned4 Bd5 41.g3 Ne6 42.a6 bxa6 43.Nxe6 Bxe6 44.Nd4 Bd7
45.Be2 Re8+ 46.Kd2 Rg8 47.Bxh5 Rxg3 48.Bf3 Rh3 49.h5 Rh2+ 50.Kc3 Rh4 51.Bxc6 Bc8
52.Nf3 Rxf4 53.Kd3 Rg4 54.Bd5 Rg3 55.Kd4 Rg4+ 56.Kc3 Be6 57.Bb7 Rc4+ 58.Kb2 a5
59.c6 Bd5 60.Nd2 Rc5 61.h6 a4 62.h7 Kg7 63.Bc8 Bxc6 64.Nb1  0-1

[Event "Moscow-ch"]
[Site "Moscow"]
[Date "1996.??.??"]
[Round "10"]
[White "Dolinskij, Boris"]
[Black "Ukolov, Aleksandr"]
[Result "1-0"]
[WhiteElo "2210"]
[BlackElo "2375"]

1.d4 Nf6 2.c4 g6 3.Nc3 Bg7 4.e4 d6 5.Be2 O-O 6.Nf3 e5 7.d5 a5 8.h3 Na6 9.Bg5 h6
10.Be3 Nc5 11.Nd2 Nh7 12.h4 h5 13.a3 f5 14.exf5 Bxf5 15.Bxc5 dxc5 16.Nde4 b6
17.Bd3 Bh6 18.Qe2 Rf7 19.f3 Bf4 20.g3 Bh6 21.Kd1 c6 22.dxc6 Nf8 23.g4 hxg4
24.fxg4 Bxg4 25.Qxg4 Qxd3+ 26.Ke1 Rd8 27.Qe2 Ne6 28.Qxd3 Rxd3 29.Nd5 Rd4
30.Nd6 Rf3 31.Rd1 Bf8 32.Rxd4 exd4 33.Ne4 Bg7 34.Rf1 Rxf1+ 35.Kxf1 Be5 36.Ng5 Nc7
37.Nxc7 Bxc7 38.Ne6 Be5 39.c7 Bxc7 40.Nxc7 Kf7 41.Kf2 Kf6 42.Kf3 Kf5 43.Nd5 d3
44.Ke3 Kg4 45.Ne7  1-0

[Event "Moscow-ch"]
[Site "Moscow"]
[Date "1996.??.??"]
[Round "11"]
[White "Verner, A."]
[Black "Vorobiov, Evgeny E"]
[Result "1/2-1/2"]
[WhiteElo "2355"]
[BlackElo "2440"]

1.c4 Nf6 2.Nf3 g6 3.Nc3 Bg7 4.e4 d6 5.d4 O-O 6.Be2 e5 7.d5 a5 8.Be3 Na6 9.Nd2 Nd7
10.Nb3 b6 11.Qd2 f5 12.f3 f4 13.Bf2 h5 14.O-O-O Nac5 15.Na1 Rf7 16.b3 Bf6
17.a3 Bh4 18.Bg1 Be7 19.Kb2 Nf6 20.b4 axb4 21.axb4 Na4+ 22.Nxa4 Rxa4 23.Nc2 g5
24.h3 Rg7 25.Bf2 g4 26.hxg4 hxg4 27.Ra1 Rxa1 28.Nxa1 gxf3 29.gxf3 Qe8 30.Nb3 Nh5
31.Rh2 Ng3 32.Bd3 Qa4 33.Qe1 Bd8 34.Qa1 Qxa1+ 35.Kxa1 Rh7 36.Rxh7 Kxh7 37.Kb2 Bh3
38.Nd2 Nh1 39.Bg1 Kg6 40.c5 bxc5 41.bxc5 Kh5 42.cxd6 cxd6 43.Nc4 Be7 44.Bb6 Kh4
45.Bc7 Kg3 46.Nxd6 Bxd6  1/2-1/2

[Event "Muenster op"]
[Site "Muenster"]
[Date "1996.??.??"]
[Round "6"]
[White "Tseitlin, Mikhail S"]
[Black "Dydyshko, Viacheslav"]
[Result "1/2-1/2"]
[WhiteElo "2445"]
[BlackElo "2545"]

1.Nf3 Nf6 2.c4 g6 3.Nc3 Bg7 4.e4 d6 5.d4 O-O 6.Be2 Na6 7.O-O e5 8.dxe5 dxe5
9.Bg5 Qe8 10.Qb1 c6 11.b4 Nc7 12.Rd1 Ne6 13.Be3 Ng4 14.Bc1 Nd4 15.h3 Nxe2+
16.Nxe2 Nf6 17.Bb2  1/2-1/2

[Event "Naantali op"]
[Site "Naantali"]
[Date "1996.??.??"]
[Round "7"]
[White "Tella, Jussi"]
[Black "Luukkonen, Tommi"]
[Result "1-0"]
[WhiteElo "2310"]
[BlackElo "2100"]

1.d4 Nf6 2.c4 g6 3.Nc3 Bg7 4.e4 d6 5.Nf3 O-O 6.Be2 e5 7.O-O exd4 8.Nxd4 Re8
9.f3 Nc6 10.Be3 Nh5 11.Qd2 Qe7 12.Nd5 Qe5 13.Nxc6 bxc6 14.Nxc7 Bb7 15.Nxe8 Rxe8
16.Rad1 d5 17.cxd5 cxd5 18.Bd4 Qe7 19.Bxg7 Nxg7 20.Bd3 Ne6 21.exd5 Bxd5 22.b3 Qh4
23.Qf2 Qg5 24.Rfe1 Rc8 25.Be4 Bxe4 26.Rxe4 Nf4 27.Kh1 a5 28.Qd2 Qd5 29.Rd4  1-0

[Event "JUG-chT"]
[Site "Niksic"]
[Date "1996.??.??"]
[Round "?"]
[White "Vojinovic, Goran"]
[Black "Markovic, Miroslav"]
[Result "0-1"]
[WhiteElo "2425"]
[BlackElo "2485"]

1.d4 Nf6 2.Nf3 g6 3.c4 Bg7 4.Nc3 O-O 5.e4 d6 6.Be2 e5 7.dxe5 dxe5 8.Qxd8 Rxd8
9.Bg5 Nbd7 10.O-O-O Rf8 11.Nd5 c6 12.Ne7+ Kh8 13.Be3 Re8 14.Nxc8 Rexc8 15.Ng5 Kg8
16.Bg4 Rc7 17.Bxd7 Nxd7 18.Rd2 Nf8 19.Rhd1 Bh6 20.Rd6 Kg7 21.h4 b6 22.g3 Re8
23.b4 f6 24.Kb2 Ree7 25.Kb3 Bxg5 26.hxg5 fxg5 27.Bxg5 Rf7 28.Be3 Nd7 29.f4 Nf6
30.fxe5 Nxe4 31.R6d4 Nf2 32.Re1 Rf3 33.Kc2 Re7 34.Bg5 Re8 35.Bf6+ Kg8 36.Rf1 Rf5
37.Rd7 b5 38.Rg7+ Kf8 39.Rxh7 bxc4 40.Rh2 Ng4 41.Rxf5 gxf5 42.Rh8+ Kf7 43.Rh7+ Ke6
44.Rxa7 Nxe5 45.Bg5 Nf3 46.Be3 Rd8 47.Bc5 Rd2+ 48.Kc1 Rg2 49.a4 Ne5 50.a5 c3
51.Re7+ Kd5 52.Rxe5+ Kxe5 53.a6 Ra2 54.a7 Kd5  0-1

[Event "JUG-chT"]
[Site "Niksic"]
[Date "1996.??.??"]
[Round "?"]
[White "Maksimovic, Branimir"]
[Black "Lakic, Nikola"]
[Result "1-0"]
[WhiteElo "2395"]
[BlackElo "2320"]

1.d4 Nf6 2.c4 g6 3.Nc3 Bg7 4.e4 d6 5.Nf3 O-O 6.Be2 e5 7.Bg5 h6 8.Bh4 Qe8
9.dxe5 dxe5 10.O-O Na6 11.Nd2 g5 12.Bg3 Nxe4 13.Ndxe4 f5 14.Qd5+ Qe6 15.a3 fxe4
16.Nxe4 c6 17.Qxe6+ Bxe6 18.Rfd1 Rad8 19.b4 Nc7 20.Nd6 b6 21.Rac1 Rd7 22.Nb7 Rb8
23.Rxd7 Bxd7 24.Rd1 Be8 25.Nd6 Ne6 26.Nxe8 Rxe8 27.Rd7 Nd4 28.Bh5 Ra8 29.Rxg7+ Kxg7
30.Bxe5+ Kh7 31.Bxd4 Rd8 32.Be3 Rd3 33.h4 Rxa3 34.hxg5 hxg5 35.Bf3 Ra1+ 36.Kh2 a5
37.bxa5 bxa5 38.Bxc6 a4 39.Bxg5 a3 40.Be4+ Kg7 41.Bf4 Re1 42.Be5+ Kh6 43.f3 a2
44.c5 a1=Q 45.Bxa1 Rxa1 46.Kg3 Rc1 47.c6 Kg5 48.f4+ Kh5 49.Bf3+ Kg6 50.Kf2 Kf5
51.Ke3 Re1+ 52.Be2 Rc1 53.Bf3 Re1+ 54.Kd4 Ke6 55.Bg4+ Kd6 56.Bd7 Re2 57.g4 Re1
58.g5 Re2 59.f5 Rg2 60.f6 Rf2 61.Ke3 Rf1 62.Bh3 Rh1 63.Bg4 Rf1 64.Bd7 Rc1
65.Kf4 Rc5 66.g6  1-0

[Event "JUG-chT"]
[Site "Niksic"]
[Date "1996.??.??"]
[Round "?"]
[White "Mozetic, Dejan"]
[Black "Damljanovic, Branko"]
[Result "0-1"]
[WhiteElo "2470"]
[BlackElo "2470"]

1.d4 Nf6 2.c4 g6 3.Nc3 Bg7 4.e4 d6 5.Nf3 O-O 6.Be2 e5 7.Be3 c6 8.d5 Ng4 9.Bg5 f6
10.Bh4 Na6 11.Nd2 Nh6 12.a3 c5 13.O-O Nf7 14.Bg4 Bxg4 15.Qxg4 Bh6 16.Qe2 Kg7
17.f3 Qd7 18.Rfb1 f5 19.Be1 Bxd2 20.Bxd2 f4 21.b4 g5 22.g4 h5 23.h3 Rh8 24.Kg2 Rh6
25.Nb5 b6 26.Rh1 Nc7 27.bxc5 bxc5 28.Rab1 Ne8 29.Nc3 Nf6 30.Nd1 Nh8 31.Nf2 Ng6
32.Qd3 Nh4+ 33.Kf1 Rhh8 34.Ke2 Rab8 35.Rxb8 Rxb8 36.Rb1 Rxb1 37.Qxb1 Qa4
38.Qd3 hxg4 39.hxg4 Nd7 40.Nd1 Nb6 41.Nb2 Qe8 42.Qb3 Qh8 43.a4 Kf6 44.a5 Nd7
45.Be1 Ke7 46.Bf2 Ng6 47.Qb7 Qb8 48.Qb5 a6 49.Qxb8 Nxb8 50.Na4 Nd7 51.Nc3 Nh8
52.Nb5 axb5 53.cxb5 Kd8 54.Kd3 Kc7 55.Kc4 Kb7 56.Kd3 Ng6 57.Ke2 Nf6 58.Kd3 Nh4
59.Ke2 Ne8 60.Be1 Ng2 61.Bf2 Nh4 62.Be1 Nc7 63.b6 Ne8 64.Kf2 Nf6 65.Bc3 Nd7
66.Be1 Ka6 67.Bd2 Ng6 68.Ke2 Nh8 69.Kd3 Nf7 70.Kc4 Nd8 71.Kb3 Kb5  0-1

[Event "JUG-chT"]
[Site "Niksic"]
[Date "1996.??.??"]
[Round "?"]
[White "Rajkovic, Ljubisa"]
[Black "Brajovic, Radovan"]
[Result "0-1"]
[WhiteElo "2275"]
[BlackElo "2390"]

1.Nf3 g6 2.d4 Bg7 3.c4 Nf6 4.Nc3 d6 5.e4 O-O 6.Be2 Nbd7 7.O-O e5 8.d5 Nc5
9.Qc2 a5 10.Ne1 Nfd7 11.Nd3 f5 12.Nxc5 Nxc5 13.f3 f4 14.Bd2 g5 15.Nd1 h5
16.Nf2 Rf6 17.h3 Rg6 18.Bxa5 Rxa5 19.b4 Ra3 20.bxc5 dxc5 21.Rab1 Rga6 22.Rb2 Bf8
23.Ra1 b6 24.Rb3 R3a5 25.Qb2 Bd7 26.a3 Ra8 27.Ra2 Qf6 28.Rc3 Kf7 29.Kf1 Bd6
30.Rb3 Rh8 31.Rc3 Raa8 32.Qc2 Ba4 33.Qd2 Qe7 34.Bd1 Bd7 35.Be2 Rag8 36.Qd1 Ra8
37.Qa1 Qe8 38.Qb1 Ra5 39.Rb3 Qa8 40.Qb2 Ba4 41.Rc3 Rb8 42.Ra1 b5 43.cxb5 Bxb5
44.Bxb5 Raxb5 45.Qc1 Qa6 46.Kg1 Qb6 47.Rc4 Rb3 48.Qf1 Ra8 49.Qc1 Ra5 50.Kh2 Qa6
51.Qc2 Rbxa3 52.Rxa3 Rxa3 53.Nd3 Qa5 54.Kh1 Kf6 55.Kh2 Kg6 56.Kh1 Ra1+ 57.Kh2 g4
58.fxg4 hxg4 59.Nxf4+ exf4 60.e5+ Kg7 61.Rxf4 Bxe5 62.Qf5 g3+ 63.Kxg3 Bxf4+
64.Qxf4 Qe1+ 65.Kg4 Qb4  0-1

[Event "JUG-chT"]
[Site "Niksic"]
[Date "1996.??.??"]
[Round "?"]
[White "Laketic, Gojko"]
[Black "Arsovic, Zoran"]
[Result "1-0"]
[WhiteElo "2445"]
[BlackElo "2440"]

1.d4 Nf6 2.c4 g6 3.Nc3 Bg7 4.e4 d6 5.Nf3 O-O 6.Be2 Nbd7 7.O-O e5 8.Re1 h6
9.Bf1 Re8 10.Rb1 Nh7 11.Be3 f5 12.exf5 gxf5 13.dxe5 dxe5 14.Qd2 e4 15.Nd4 Ne5
16.Rbd1 Ng5 17.Qc1 Nd3 18.Bxd3 exd3 19.Bxg5 Rxe1+ 20.Rxe1 hxg5 21.Nf3 g4
22.Qg5 Be6 23.Qf4 Bf7 24.Ng5 Bh6 25.Nxf7 Bxf4 26.Nxd8 Rxd8 27.Nd5 Bg5 28.Rd1 c6
29.Ne3 Bxe3 30.fxe3 Kf7 31.Kf2 Ke6 32.Rh1 Ke5 33.Ke1 d2+ 34.Ke2 Ke4 35.Rd1 Rh8
36.Rh1 d1=Q+ 37.Rxd1 Rxh2 38.Kf2 Rh7 39.Rd4+ Ke5 40.Kg3 b6 41.b4 a6 42.Rd8 Rh1
43.Re8+ Kd6 44.Ra8 Rb1 45.a3 Rb3 46.Rxa6 Rxe3+ 47.Kf4 Re4+ 48.Kxf5 Rxc4 49.Rxb6 Kc7
50.Ra6 g3 51.Ra7+ Kd6 52.Rg7 Rc3 53.a4 Ra3 54.a5 Rb3 55.Rg4 Kd5 56.Kg5 Ke5
57.Kh4 Kd6 58.Kh3 Kd5 59.a6 Kd6 60.a7 Ra3 61.Rg7 Ke6 62.Kg4 Kd6 63.Kf5 Ra4
64.Kf6 Ra2 65.Rb7 Rf2+ 66.Kg6 Ra2 67.Kf7  1-0

[Event "JUG-chT"]
[Site "Niksic"]
[Date "1996.??.??"]
[Round "?"]
[White "Cvetkovic, Srdjan"]
[Black "Smolovic, Mile"]
[Result "1/2-1/2"]
[WhiteElo "2425"]
[BlackElo "2350"]

1.c4 Nf6 2.Nc3 g6 3.e4 d6 4.d4 Bg7 5.Nf3 O-O 6.Be2 Qe8 7.O-O e5 8.dxe5 dxe5
9.b3 Qe7 10.a4 Rd8 11.Nd5 Nxd5 12.cxd5 c6 13.Ba3 Qf6 14.Bb2 Qf4 15.Bc4 cxd5
16.Bxd5 Nc6 17.Bc1 Qg4 18.Ng5 Qxd1 19.Rxd1 Rd7 20.Bb2 Bf6 21.Nf3 Re7 22.Bxc6 bxc6
23.Rd6 Re6 24.Rxe6 Bxe6 25.Bxe5 Bxe5 26.Nxe5 c5 27.Nd3 Rc8 28.b4 cxb4 29.Nxb4 Rc4
30.Nd5 Bxd5 31.exd5 Rd4 32.a5 a6 33.g3 Rxd5 34.Kg2 g5 35.h3 h5 36.Ra4 Kg7
37.Kf3 Kg6 38.Ke3 Rb5 39.Kd4 f6 40.Ke3 Kf5 41.g4+ Kg6 42.gxh5+ Kxh5 43.Kf3 f5
44.Kg3 Rb3+ 45.Kg2 Rc3 46.Rd4 Ra3 47.Rd5 f4 48.Rc5 Ra1  1/2-1/2

[Event "JUG-chT"]
[Site "Niksic"]
[Date "1996.??.??"]
[Round "?"]
[White "Nikcevic, Nebojsa"]
[Black "Ilincic, Zlatko"]
[Result "1/2-1/2"]
[WhiteElo "2535"]
[BlackElo "2520"]

1.Nf3 Nf6 2.c4 g6 3.Nc3 Bg7 4.e4 d6 5.d4 O-O 6.Be2 e5 7.O-O Na6 8.Re1 Qe8
9.Bf1 Bg4 10.d5 Nb4 11.Rb1 Nh5 12.Nb5 Qe7 13.a3 Bxf3 14.Qxf3 Nc2 15.Re2 Nd4
16.Nxd4 exd4 17.Qd3 Qd7 18.Bd2 a5 19.b3 c5 20.f4 Rfe8 21.g3 Re7 22.a4 b6
23.Rbe1 Rae8 24.Qf3 h6 25.h4 Nf6 26.e5 Qg4 27.Bg2 h5 28.Qf2 Nh7 29.Kh2 Qc8
30.exd6 Rxe2 31.Rxe2 f5 32.Re7 Nf6 33.Qe1 Bf8 34.Rxe8 Nxe8 35.Bf3 Bxd6 36.Kg2 Kf7
37.Qe2 Nf6 38.Qe1 Qe8 39.Qxe8+ Kxe8 40.Be2 Ne4 41.Be1 Be7 42.Bd3  1/2-1/2

[Event "JUG-chT"]
[Site "Niksic"]
[Date "1996.??.??"]
[Round "?"]
[White "Laketic, Gojko"]
[Black "Ristic, Nebojsa"]
[Result "0-1"]
[WhiteElo "2445"]
[BlackElo "2395"]

1.Nf3 Nf6 2.c4 g6 3.Nc3 Bg7 4.e4 d6 5.d4 O-O 6.Be2 e5 7.d5 a5 8.Bg5 h6 9.Bh4 Na6
10.Nd2 Bd7 11.O-O Qe8 12.Rb1 Nh7 13.Kh1 h5 14.f3 Bh6 15.Nb3 a4 16.Nc1 Be3
17.Nd3 Nc5 18.Ne1 f5 19.Nc2 Bh6 20.exf5 Bxf5 21.Bf2 Nf6 22.Bxc5 dxc5 23.Bd3 e4
24.fxe4 Bg4 25.Qe1 Qe5 26.h3 Bd7 27.Rf3 Kg7 28.Ne3 Ng4 29.hxg4 hxg4 30.Rxf8 Rxf8
31.Ncd1 Qh5+ 32.Kg1 g3 33.Nf5+ Bxf5 34.Qxg3 Bg4 35.Nf2 Bf4 36.Qxg4 Qh2+ 37.Kf1 Bg3
38.Qd7+ Rf7 39.Qxf7+ Kxf7 40.Be2 Qh4 41.Nh3 Kf6 42.Bd3 Ke5 43.Ke2 Qg4+ 44.Kd2 Bh2
45.Bf1 Bf4+ 46.Kc2 Be3  0-1

[Event "JUG-chT"]
[Site "Niksic"]
[Date "1996.??.??"]
[Round "?"]
[White "Komarov, Dimitri"]
[Black "Dimitrov, Vladimir"]
[Result "1-0"]
[WhiteElo "2595"]
[BlackElo "2530"]

1.d4 Nf6 2.Nf3 g6 3.c4 Bg7 4.Nc3 O-O 5.e4 d6 6.Be2 e5 7.d5 a5 8.Bg5 h6 9.Bh4 Na6
10.O-O Bd7 11.Nd2 Qb8 12.a3 Nh7 13.Rb1 h5 14.f3 Bh6 15.b4 axb4 16.axb4 Qa7+
17.Kh1 Qe3 18.Be1 Kg7 19.Qc2 Qg5 20.c5 dxc5 21.Bxa6 bxa6 22.bxc5 h4 23.Nc4 Rfb8
24.Bd2 Qh5 25.Bxh6+ Kxh6 26.c6 Be8 27.d6 cxd6 28.Rxb8 Rxb8 29.c7  1-0

[Event "JUG-chT"]
[Site "Niksic"]
[Date "1996.??.??"]
[Round "?"]
[White "Rajkovic, Dusan"]
[Black "Damjanovic, Vladimir"]
[Result "0-1"]
[WhiteElo "2475"]
[BlackElo "2395"]

1.d4 Nf6 2.c4 g6 3.Nc3 Bg7 4.e4 d6 5.Nf3 O-O 6.Be2 e5 7.O-O c6 8.Re1 exd4
9.Nxd4 Re8 10.Bf1 Ng4 11.h3 Qb6 12.hxg4 Qxd4 13.Qxd4 Bxd4 14.g5 Na6 15.Bf4 Be5
16.Be3 Nc5 17.Rad1 a5 18.f4 Bxc3 19.bxc3 Nxe4 20.Bb6 Bf5 21.Re3 c5 22.a4 Ra6
23.Rb1 f6 24.gxf6 Kf7 25.Bc7 Nxf6 26.Rxe8 Nxe8 27.Rxb7 Be4  0-1

[Event "JUG-chT"]
[Site "Niksic"]
[Date "1996.??.??"]
[Round "?"]
[White "Stojanovic, M."]
[Black "Miljanic, Boro"]
[Result "0-1"]
[WhiteElo "2465"]
[BlackElo "2425"]

1.d4 Nf6 2.c4 g6 3.Nc3 Bg7 4.e4 d6 5.Nf3 O-O 6.Be2 e5 7.O-O exd4 8.Nxd4 Re8
9.Bf3 Nbd7 10.Re1 a5 11.Bf4 Nc5 12.Qd2 Bg4 13.Bxg4 Nxg4 14.Bg5 Qd7 15.b3 h6
16.Bf4 Kh7 17.Rad1 c6 18.h3 Ne5 19.Qc2 Qe7 20.Bc1 Rad8 21.Bb2 Qc7 22.Nce2 Qb6
23.Bc3 a4 24.b4 Ne6 25.Nxe6 Rxe6 26.c5 Qa6 27.Nf4 Ree8 28.cxd6 Qc4 29.Ne2 Re6
30.Qxa4 Nd3 31.Bxg7 Nxe1 32.Bc3 Qxe2 33.Rxe1 Qd3 34.Ba1 Rxe4 35.Rxe4 Qxe4
36.Qd1 Qd5 37.Qxd5 cxd5 38.Be5 f6  0-1

[Event "JUG-ch op"]
[Site "Nis"]
[Date "1996.??.??"]
[Round "3"]
[White "Nevednichy, Vladislav"]
[Black "Ristic, Nebojsa"]
[Result "1-0"]
[WhiteElo "2505"]
[BlackElo "2400"]

1.e4 c6 2.c4 d6 3.d4 Nf6 4.Nc3 g6 5.Nf3 Bg7 6.Be2 O-O 7.O-O e5 8.d5 Na6 9.Be3 Ng4
10.Bd2 f5 11.Ng5 Nf6 12.exf5 gxf5 13.f4 Qb6+ 14.Kh1 e4 15.Qc1 h6 16.Nh3 Bd7
17.Be3 c5 18.Nf2 Qd8 19.a3 Qe7 20.Rb1 Kh8 21.b4 b6 22.Qd2 Rg8 23.bxc5 Nxc5
24.Nb5 Bxb5 25.Rxb5 Nfd7 26.Rbb1 Bf6 27.g4 fxg4 28.Nxg4 Bg7 29.f5 Nf6 30.Nxh6 Bxh6
31.Bxh6 e3 32.Qxe3 Qh7 33.Bg5 Nfe4 34.Qd4+ Rg7 35.Rg1 Qxf5 36.Rbf1 Qe5 37.Be3 Rag8
38.Rxg7 Rxg7 39.Rf8+ Kh7 40.Qxe5 dxe5 41.Re8 Nc3 42.Rxe5 Nxe2 43.Bxc5 Nf4
44.Be3 Nd3 45.Re4 Rd7 46.Rd4 Nb2 47.Kg2 Kg6 48.Kf3 Rh7 49.h4 Kf5 50.Rf4+ Kg6
51.Rg4+ Kh5 52.Kg3 Rd7 53.d6  1-0

[Event "JUG-ch op"]
[Site "Nis"]
[Date "1996.??.??"]
[Round "4"]
[White "Genova, Ruzka"]
[Black "Perunovic, Miodrag"]
[Result "0-1"]
[WhiteElo "2250"]
[BlackElo "2165"]

1.d4 Nf6 2.Nf3 g6 3.c4 Bg7 4.Nc3 O-O 5.e4 d6 6.Be2 e5 7.O-O exd4 8.Nxd4 Re8
9.f3 Nc6 10.Be3 Nh5 11.Nxc6 bxc6 12.Qd2 Qe7 13.Rfe1 a5 14.c5 d5 15.Bf2 d4
16.Na4 Qf6 17.g3 Ba6 18.Bxa6 Rxa6 19.f4 Rd8 20.Rad1 Qe6 21.Qe2 Raa8 22.b3 Rd7
23.Rd3 Rad8 24.e5 Rd5 25.Qf3 Bf8 26.Red1 Bxc5 27.Nxc5 Rxc5 28.g4 Ng7 29.Rxd4 Rxd4
30.Rxd4 Rc1+ 31.Kg2 h5 32.h3 Qc8 33.Qe3 c5 34.Rd5 Qb7 35.Qf3 Qa6 36.Rxc5 Qf1+
37.Kg3 h4+ 38.Kxh4 Rxc5 39.Qa8+ Kh7 40.Bxc5 Qxf4  0-1

[Event "JUG-ch op"]
[Site "Nis"]
[Date "1996.??.??"]
[Round "6"]
[White "Brenjo, Slavisa"]
[Black "Arsovic, Goran"]
[Result "1/2-1/2"]
[WhiteElo "2425"]
[BlackElo "2350"]

1.Nf3 Nf6 2.c4 g6 3.Nc3 Bg7 4.d4 O-O 5.e4 d6 6.Be2 e5 7.d5 a5 8.Bg5 h6 9.Bh4 Na6
10.Nd2 Bd7 11.O-O Nc5 12.Rb1 Qb8 13.Kh1 Nh7 14.b3 h5 15.f3 Bh6 16.Bf2 f5
17.a3 Nf6 18.exf5 Bxf5 19.Rb2 Qe8 20.Re1 Qd7 21.Bf1 b6 22.Kg1 Rfe8 23.h3 Qh7
24.b4 axb4 25.axb4 Nd3 26.Bxd3 Bxd3 27.Nde4 Bxe4 28.Nxe4 Nxe4 29.fxe4 Qe7
30.Qb3 Rf8 31.Ra2 Qf6 32.Qc2 h4 33.Rxa8 Rxa8 34.c5 bxc5 35.bxc5 Bf4 36.Qe2 Rf8
37.Qf3 Qg5 38.Qg4 Qxg4 39.hxg4 dxc5 40.Bxc5 Rb8 41.Be3 Bg3 42.Bf2 Rb2 43.Bxg3 hxg3
44.Rc1 Re2 45.Kf1 Rxe4 46.Rxc7 Rd4 47.Rc3 Rxd5 48.Rxg3 Kf7 49.Re3 Kf6 50.Kf2 Rd4
51.Kg3 e4 52.Ra3 g5 53.Kf2 Rd2+ 54.Ke3  1/2-1/2

[Event "JUG-ch op"]
[Site "Nis"]
[Date "1996.??.??"]
[Round "8"]
[White "Manakova, Maria"]
[Black "Antic, Dejan"]
[Result "0-1"]
[WhiteElo "2290"]
[BlackElo "2445"]

1.Nf3 Nf6 2.d4 g6 3.c4 Bg7 4.Nc3 O-O 5.e4 d6 6.Be2 Na6 7.O-O e5 8.dxe5 dxe5
9.Be3 Ng4 10.Bg5 f6 11.Qxd8 Rxd8 12.Bh4 Nh6 13.Rad1 Bg4 14.Rxd8+ Rxd8 15.Rd1 Nf7
16.Rxd8+ Nxd8 17.Ne1 Be6 18.Nd5 Kf7 19.Nd3 Nc6 20.f3 Nd4 21.Bf1 c6 22.Ne3 Bf8
23.Be1 Nc5 24.Nc1 b6 25.Kf2 a5 26.Be2 f5 27.exf5 gxf5 28.Nd3 Nxd3+ 29.Bxd3 Bc5
30.g3 f4 31.gxf4 exf4 32.Ng2 Nb3+ 33.Kf1 Nc1 34.Nxf4 Nxd3 35.Nxd3 Bxc4 36.Ke2 Bg1
37.h3 Bxa2 38.Ne5+ Ke6 39.Nxc6 Bc4+ 40.Kd2 Kd6 41.Kc3 Bf1 42.Nd4 Kd5 43.Nf5 Bxh3
44.Ng3 Bd4+ 45.Kb3 Be5 46.Ne4 Bg2 47.Bf2 b5 48.Ng5 h5 49.Bh4 Bf4 50.Ne4 Bxf3
51.Nc3+ Kc6 52.Kc2 b4 53.Na4 Be4+ 54.Kd1 Be5 55.b3 Bd4 56.Kd2 Kd7 57.Kd1 Bc6
58.Kc2 Be4+ 59.Kd2 Ke6 60.Bd8 Kf5 61.Bxa5 h4 62.Bc7 h3 63.Bh2 Be5 64.Bg1 Bd4
65.Bh2 Bd5 66.Kc2 Ke4 67.Nb2 Bxb2 68.Kxb2 Kf3 69.Bd6 Kg2 70.Kc2 h2 71.Bxh2 Kxh2
72.Kd3 Bxb3 73.Kd4 Bd5  0-1

[Event "JUG-ch op"]
[Site "Nis"]
[Date "1996.??.??"]
[Round "10"]
[White "Cabrilo, Goran"]
[Black "Kosanovic, Goran A"]
[Result "1/2-1/2"]
[WhiteElo "2490"]
[BlackElo "2420"]

1.c4 Nf6 2.Nc3 g6 3.e4 d6 4.d4 Bg7 5.Nf3 O-O 6.Be2 e5 7.d5 a5 8.Bg5 h6 9.Bh4 Na6
10.Nd2 Qe8 11.O-O Bd7 12.a3 a4 13.b4 axb3 14.Nxb3 g5 15.Bg3 Nxe4 16.Nxe4 f5
17.Ned2 f4 18.Bh5 Qe7 19.Ne4 b6 20.a4 Bf5 21.Qe2 Nc5 22.Nbxc5 dxc5 23.h3 fxg3
24.fxg3 Qd7 25.Bg4 Bxg4 26.Rxf8+ Bxf8 27.Qxg4 Qxg4 28.hxg4 Kf7 29.Kf2 Kg6
30.Ke2 h5 31.gxh5+ Kxh5 32.Ra3  1/2-1/2

[Event "JUG-ch op"]
[Site "Nis"]
[Date "1996.??.??"]
[Round "10"]
[White "Stojanovic, Mihajlo"]
[Black "Vuckovic, Bojan"]
[Result "1-0"]
[WhiteElo "2435"]
[BlackElo "2050"]

1.d4 Nf6 2.c4 g6 3.Nc3 Bg7 4.e4 d6 5.Nf3 O-O 6.Be2 e5 7.Be3 Na6 8.O-O Ng4
9.Bg5 Qe8 10.dxe5 dxe5 11.h3 h6 12.Bd2 Nf6 13.Be3 Nh5 14.Re1 Nf4 15.Bf1 Ne6
16.a3 b6 17.b4 Bb7 18.Re2 Rd8 19.Rd2 Rxd2 20.Qxd2 Kh7 21.Rd1 f5 22.Qc2 c5
23.Nd5 f4 24.Bc1 Qb8 25.Bb2 Nd4 26.Bxd4 exd4 27.Bd3 Be5 28.b5  1-0

[Event "North Bay op"]
[Site "North Bay"]
[Date "1996.??.??"]
[Round "?"]
[White "Vera, Reynaldo"]
[Black "Campbell, Brett"]
[Result "1-0"]
[WhiteElo "2505"]
[BlackElo "2220"]

1.d4 Nf6 2.c4 g6 3.Nc3 Bg7 4.e4 d6 5.Be2 O-O 6.Nf3 e5 7.O-O exd4 8.Nxd4 Nbd7
9.Bg5 h6 10.Be3 Nc5 11.f3 a5 12.Qd2 Kh7 13.Rfd1 Qe7 14.Ndb5 b6 15.Rac1 Ba6
16.b3 Rad8 17.Bf1 Rfe8 18.Bf2 Bf8 19.Nd5 Nxd5 20.cxd5 Rd7 21.Nd4 Bxf1 22.Rxf1 Bg7
23.Rfe1 Qf8 24.Re2 Ra8 25.Rce1 Qc8 26.Nc6 Qa6 27.Rd1 Re8 28.Ree1 Nb7 29.Bd4 b5
30.h4 Bxd4+ 31.Nxd4 b4 32.h5 g5 33.Qc2 Re5 34.Nc6 f6 35.Nxe5 fxe5 36.g3 Qb6+
37.Qf2 Rf7 38.Rc1 Nc5 39.Rxc5 dxc5 40.Rc1 g4 41.Qxc5 Qf6 42.Qe3 gxf3 43.Kf2 Qg7
44.Rc6 Rf6 45.Rxf6 Qxf6 46.Qxf3 Qb6+ 47.Kg2 Qd4 48.Qf7+ Kh8 49.Qf6+ Kg8 50.Qg6+ Kf8
51.Qxh6+ Ke7 52.Qg5+ Kd7 53.Qf5+ Kd8 54.Kh3 Qd1 55.Kh4 Qh1+ 56.Kg5 Qh2 57.g4  1-0

[Event "Nova Gorica"]
[Site "Nova Gorica"]
[Date "1996.??.??"]
[Round "7"]
[White "Sulava, Nenad"]
[Black "Kozul, Zdenko"]
[Result "0-1"]
[WhiteElo "2480"]
[BlackElo "2580"]

1.Nf3 g6 2.c4 Bg7 3.Nc3 d6 4.d4 Nd7 5.e4 e5 6.Be2 Ngf6 7.O-O O-O 8.Be3 exd4
9.Nxd4 Re8 10.f3 c6 11.Qd2 d5 12.exd5 cxd5 13.Rad1 Nb6 14.c5 Nc4 15.Bxc4 dxc4
16.Ndb5 Be6 17.Nd6 Re7 18.Qf2 Qa5 19.Bd4 Rd7 20.Kh1 Qd8 21.Nce4 Nxe4 22.fxe4 Bxd4
23.Qxd4 b6 24.e5 bxc5 25.Qxc5 Rb8 26.Nxf7  0-1

[Event "JUG-chT (Women)"]
[Site "Novi Sad"]
[Date "1996.??.??"]
[Round "?"]
[White "Matveeva, Svetlana"]
[Black "Petrovic, Marija"]
[Result "1-0"]
[WhiteElo "2445"]
[BlackElo "2260"]

1.d4 g6 2.c4 Bg7 3.Nc3 d6 4.Nf3 Nf6 5.e4 O-O 6.Be2 Nbd7 7.O-O e5 8.Qc2 exd4
9.Nxd4 Re8 10.Rd1 Nc5 11.f3 Nh5 12.g4 Nf6 13.Bg5 h6 14.Bh4 a5 15.Ndb5 Bd7
16.Nd5 Bxb5 17.cxb5 g5 18.Bg3 Nxd5 19.Rxd5 b6 20.Rad1 Re6 21.Bc4 Qf6 22.e5 Qxf3
23.Be2 Qe4 24.Rxc5 Qe3+ 25.Bf2 Qxc5 26.Bxc5 dxc5 27.Bc4 Rxe5 28.Rd7 Rf8 29.Qg6 Kh8
30.Rxf7  1-0

[Event "SCO-ch"]
[Site "Oban"]
[Date "1996.??.??"]
[Round "8"]
[White "Pritchett, Craig William"]
[Black "McNab, Colin Anderson"]
[Result "0-1"]
[WhiteElo "2325"]
[BlackElo "2465"]

1.Nf3 g6 2.c4 Bg7 3.d4 d6 4.Nc3 Nd7 5.e4 e5 6.Be2 Ngf6 7.O-O O-O 8.Be3 Qe7
9.d5 Ng4 10.Bg5 f6 11.Bh4 Nh6 12.Nd2 Nf7 13.b4 Bh6 14.Rc1 a6 15.Rc2 Bg5 16.Bxg5 Nxg5
17.h4 Nf7 18.Bd3 Nh6 19.Nf3 f5 20.Ng5 Nf6 21.c5 Nhg4 22.Qd2 h6 23.Nf3 fxe4
24.Nxe4 Nxe4 25.Bxe4 Rf4 26.Re1 Qf6 27.cxd6 cxd6 28.Rc7 Bf5 29.Qc2 Rxe4 30.Rxe4 Qd8
31.Rxg4 Bxc2 32.Rxc2 Qf6 33.Rc7 Rf8 34.Rxb7 Rf7 35.Rb8+ Rf8 36.Rb7 Qf5 37.Rc4 e4
38.Rcc7 Qf6 39.Rg7+ Qxg7 40.Rxg7+ Kxg7 41.Nd4 Rb8 42.a3 Kf6 43.Kf1 Rb7 44.Nc2 Rc7
45.Ne3 Rc3 46.a4 Rb3 47.b5 axb5 48.axb5 Rxb5 49.g3 Ke5 50.Ng4+ Kxd5 51.Nxh6 Kd4
52.Nf7 d5 53.g4 Rb7 54.Ng5 Rb6 55.Ke2 Ra6 56.Nf7 Ra2+ 57.Kf1 e3 58.fxe3+ Kxe3
59.Ne5 d4 60.h5 gxh5 61.gxh5 d3  0-1